Las soldaduras: técnica-control soldabilidad de los metales

Tallennettuna:
Bibliografiset tiedot
Päätekijä: Seferian, D (Tekijä)
Aineistotyyppi: Kirja
Kieli:espanja
Julkaistu: Bilbao Urmo 1965
Aiheet:
Tagit: Lisää tagi
Ei tageja, Lisää ensimmäinen tagi!

MARC

LEADER 00000nam a2200000 a 4500
001 UCX7394
003 CL-VaPUC
008 931209e19650000SP |||||||||||||||||spa|d
082 0 4 |a 671.52  |b SEF  |2 21 
100 0 |a Seferian, D  |e author  |9 324220 
245 1 4 |a Las soldaduras: técnica-control soldabilidad de los metales 
300 |a 464 p 
942 |c BK 
945 |d 19931209 00:00:00  |a mfernand 
260 |a Bilbao  |b Urmo  |c 1965 
650 0 |a Soldadura  |9 262933 
650 7 |a METALES SOLDABILIDAD  |2 CL-VaPUC  |9 324221 
583 |a last modification  |c 19931209 00:00:00  |k Rodrigo Vera 
999 |c 227220  |d 227218 
952 |0 0  |1 0  |4 0  |6 671_520000000000000_SEF_1965  |7 0  |8 A  |9 226090  |a BIBMEC  |b BIBMEC  |d 2019-11-15  |i 2946165  |l 1  |o 671.52 SEF 1965  |p 2946165  |r 2024-01-19  |s 2021-12-13  |w 2019-11-15  |y BK  |k MEC